000 00726nam a2200253Ia 4500
003 OSt
005 20220927111235.0
006 a|||||r|||| 00| 0
007 ta
008 220926b |||||||| |||| 00| 0 eng d
024 _a103537
037 _cReports
040 _aRTL
_cRTL
_beng
041 _2eng
_aeng
082 _a"z.255.N8t5, M7/GD"
110 _aMadhya Pradesh State Planning Organisation
_9381718
245 0 _aAnnual plan review
260 _aBhopal
_bGovt Press India
_c1987
490 _v1986-87
650 _aGenerglia
_9356436
700 _aMadhya Pradesh State Planning Organisation
_9381719
942 _h"z.255.N8t5, M7/GD"
_cCC
999 _c698866
_d698866